La venerable congregación del oratorio de N.P.S. Felipe Neri, de la villa de San Miguel el Grande obispado de Michoacán

Detalles Bibliográficos
Autor principal: QUIJANO, ZAVALA, Manuel
Formato: Libro
Publicado: México 1782
Materias:
Colección:Banco de datos
Acervo:Biblioteca del Ex Convento de Nuestra Señora de Guadalupe. Zacatecas
Tema general:Religiosos
Notas:Buena. VIII,3,2(2260). Encuadernada en un solo volumen con: "Litterae apostolicae..." y con el "Informe de los méritos de justicia, que se promueven por parte del..."
LEADER 00900nam a22001930004500
035 |a 41277 
036 |a 2461 
100 1 |a QUIJANO, ZAVALA, Manuel 
245 1 0 |a La venerable congregación del oratorio de N.P.S. Felipe Neri, de la villa de San Miguel el Grande obispado de Michoacán 
260 |a México  |b imp. Felipe de Zúñiga y Ontiveros  |c 1782 
500 |a Buena. VIII,3,2(2260). Encuadernada en un solo volumen con: "Litterae apostolicae..." y con el "Informe de los méritos de justicia, que se promueven por parte del..." 
650 1 0 |a Religiosos 
949 |a CRZ-CG 
959 |a Ex convento de Nuestra Señora de Guadalupe, Museo Regional de Zacatecas, Zacatecas  |b CCC4 
960 |a Convento de Nuestra Señora de Guadalupe, Zacatecas  |b DD87 
961 |a Franciscana  |b OF 
942 |c CRZ-CG 
943 |g Biblioteca del Ex Convento de Nuestra Señora de Guadalupe. Zacatecas 
999 |c 965404  |d 965404